ARRUPE JESUIT UNIVERSITY

CORONAVIRUS -STOP THE SPREAD - CLEAN,DISINFECT,COVER

Faithful Citizens: (Record no. 121677)

MARC details
000 -LEADER
fixed length control field 00547nam a22001577a 4500
008 - FIXED-LENGTH DATA ELEMENTS--GENERAL INFORMATION
fixed length control field 150114b xxu||||| |||| 00| 0 eng d
020 ## - INTERNATIONAL STANDARD BOOK NUMBER
International Standard Book Number 9780232527896
050 ## - LIBRARY OF CONGRESS CALL NUMBER
Classification number HN37.C3 I94 2010
100 ## - MAIN ENTRY--PERSONAL NAME
Personal name Ivereigh, Austen
9 (RLIN) 13980
245 ## - TITLE STATEMENT
Title Faithful Citizens:
Remainder of title a practical guide to Catholic Social Teachings and community organising
Statement of responsibility, etc Austen Ivereigh
260 ## - PUBLICATION, DISTRIBUTION, ETC. (IMPRINT)
Place of publication, distribution, etc London
Name of publisher, distributor, etc Darton, Longman and Todd
Date of publication, distribution, etc 2010
300 ## - PHYSICAL DESCRIPTION
Extent 185p. ;
Dimensions 22cm.
650 ## - SUBJECT ADDED ENTRY--TOPICAL TERM
Topical term or geographic name as entry element Sociology, Catholic
9 (RLIN) 13981
650 ## - SUBJECT ADDED ENTRY--TOPICAL TERM
Topical term or geographic name as entry element Church and social problems
9 (RLIN) 1595
942 ## - ADDED ENTRY ELEMENTS (KOHA)
Source of classification or shelving scheme Library of Congress Classification
Item type Monograph ( Printed materials)
Holdings
Withdrawn status Lost status Source of classification or shelving scheme Damaged status Not for loan Collection code Home library Current library Shelving location Date acquired Total Checkouts Full call number Barcode Date last seen Date last borrowed Price effective from Koha item type
    Library of Congress Classification     Main Collection ARRUPE LIBRARY ARRUPE LIBRARY Main Collection 14/01/2015 1 HN37.C3 I94 2010 46500003228 30/01/2023 13/04/2022 14/01/2015 Monograph ( Printed materials)

 

Arrupe Library. PO Box MP320 Mt Pleasant, Harare, Zimbabwe
263 242 745411|librarian@aju.ac.zw